Հայկական խնդիրը Գերմանիայի արտաքին քաղաքականության մեջ 1918 թվականին / (Record no. 386671)
[ view plain ]
| 000 -LEADER | |
|---|---|
| fixed length control field | 00874nam a2200205 a 4500 |
| 001 - CONTROL NUMBER | |
| control field | 000960585 |
| 003 - CONTROL NUMBER IDENTIFIER | |
| control field | AM-YeHGA |
| 005 - DATE AND TIME OF LATEST TRANSACTION | |
| control field | 20250618074705.0 |
| 008 - FIXED-LENGTH DATA ELEMENTS--GENERAL INFORMATION | |
| fixed length control field | 130430s2013 ai r 000 0 arm d |
| 020 ## - INTERNATIONAL STANDARD BOOK NUMBER | |
| International Standard Book Number | 9785808417281 |
| 040 ## - CATALOGING SOURCE | |
| Original cataloging agency | AM-YeHGA |
| 041 0# - LANGUAGE CODE | |
| Language code of text/sound track or separate title | arm |
| 090 ## - LOCALLY ASSIGNED LC-TYPE CALL NUMBER (OCLC); LOCAL CALL NUMBER (RLIN) | |
| -- | 388653 |
| 100 1# - MAIN ENTRY--PERSONAL NAME | |
| Personal name | Հայրունի, Աշոտ Նորայրի, |
| Dates associated with a name | 1964- |
| 9 (RLIN) | 3433 |
| 245 10 - TITLE STATEMENT | |
| Title | Հայկական խնդիրը Գերմանիայի արտաքին քաղաքականության մեջ 1918 թվականին / |
| Statement of responsibility, etc. | Ա. Հայրունի; ԵՊՀ. |
| 260 ## - PUBLICATION, DISTRIBUTION, ETC. | |
| Place of publication, distribution, etc. | Երևան : |
| Name of publisher, distributor, etc. | ԵՊՀ հրատ., |
| Date of publication, distribution, etc. | 2013. |
| 300 ## - PHYSICAL DESCRIPTION | |
| Extent | 192 էջ ; |
| Dimensions | 21 սմ. |
| 650 14 - SUBJECT ADDED ENTRY--TOPICAL TERM | |
| Topical term or geographic name entry element | Հայ ժողովրդի պատմություն |
| General subdivision | Հայկական խնդիրը Գերմանիայի արտաքին քաղաքականության մեջ 1918 թվականին |
| 710 2# - ADDED ENTRY--CORPORATE NAME | |
| Corporate name or jurisdiction name as entry element | Երևանի պետական համալսարան |
| Withdrawn status | Lost status | Source of classification or shelving scheme | Damaged status | Not for loan | Collection | Home library | Current library | Date acquired | Total checkouts | Full call number | Barcode | Date last seen | Price effective from | Koha item type | Public note |
|---|---|---|---|---|---|---|---|---|---|---|---|---|---|---|---|
| Universal Decimal Classification | General | Fundamental Scientific Library | Fundamental Scientific Library | 21/07/2017 | AII/102636 | FL0453263 | 21/07/2017 | 21/07/2017 | Գրքեր / Books | 30 Days Loan | |||||
| Universal Decimal Classification | General | Fundamental Scientific Library | Fundamental Scientific Library | 12/12/2017 | AII/103075 | FL0468711 | 12/12/2017 | 12/12/2017 | Գրքեր / Books | 30 Days Loan |
ՀՀ Գիտությունների ազգային ակադեմիայի հիմնարար գիտական գրադարան = Fundamental Scientific Library of NAS RA
All site content, except where otherwise noted, is licensed under a